Neue Bedingungen des Wirtschaftswachstums in dem 80er Jahren

Salvato in:
Dettagli Bibliografici
Autore principale: Steinitz, Klaus
Natura: Libro
Lingua:tedesco
Pubblicazione: Berlin Wirtschaft 1982
Tags: Aggiungi Tag
Nessun Tag, puoi essere il primo ad aggiungerne!!

MARC

LEADER 00000nam a2200000 4500
001 c137099
005 20221220100304.9
041 0 |a ger 
044 |a DE 
245 1 0 |a Neue Bedingungen des Wirtschaftswachstums in dem 80er Jahren  |c Klaus Steinitz 
264 1 |a Berlin  |b Wirtschaft  |c 1982 
300 |a 150 s. 
100 1 |a Steinitz, Klaus